| 000 | 00539nam a2200181Ia 4500 | ||
|---|---|---|---|
| 005 | 20250508161619.0 | ||
| 008 | 008 250505s9999 xx 000 0 eng d | ||
| 037 | _aReference | ||
| 040 |
_aFEDL _beng _cFEDL |
||
| 041 |
_aeng _2eng |
||
| 084 |
_a463, VAS _qFEDL |
||
| 100 |
_aVasquez Maximo L _9771052 |
||
| 245 | 0 | _aCommercial correspondence dictionary english-spanish and spanish-english | |
| 260 |
_aNew York, USA _bSimon and Schuster _c1953 |
||
| 300 | _a231p. | ||
| 942 |
_cREF _h463, VAS |
||
| 999 |
_c1371127 _d1371127 |
||